Las posibilidades del/de la alimentante como pauta para fijar y/o cuantificar cuotas alimentarias / (Registro nro. 5822)
[ vista simple ]
| 000 -LEADER | |
|---|---|
| fixed length control field | 01157nab a22002177a 4500 |
| 003 - CONTROL NUMBER IDENTIFIER | |
| control field | OSt |
| 005 - DATE AND TIME OF LATEST TRANSACTION | |
| control field | 20260107120445.0 |
| 008 - FIXED-LENGTH DATA ELEMENTS--GENERAL INFORMATION | |
| fixed length control field | 190514b xxu||||| |||| 00| 0 spa d |
| 040 ## - CATALOGING SOURCE | |
| Transcribing agency | PJ |
| 100 ## - MAIN ENTRY--PERSONAL NAME | |
| 9 (RLIN) | 4325 |
| Personal name | Tavip, Gabriel Eugenio |
| 245 13 - TITLE STATEMENT | |
| Title | Las posibilidades del/de la alimentante como pauta para fijar y/o cuantificar cuotas alimentarias / |
| Statement of responsibility, etc | Gabriel E. Tavip. |
| 300 ## - PHYSICAL DESCRIPTION | |
| Extent | p. 47-62 |
| 505 ## - FORMATTED CONTENTS NOTE | |
| Formatted contents note | Sumario: I. Introducción.— II. Pauta variable de análisis.— III. Alimentos derivados de la responsabilidad parental.— IV. Alimentos derivados del parentesco.— V. Alimentos a cargo de abuelos/as.— VI. Alimentos entre cónyuges durante su vigencia y luego del divorcio.— VII. Alimentos a cargo del conviviente.— VIII. Necesidad de probar el extremo.— IX. Algunas reflexiones. |
| 505 ## - FORMATTED CONTENTS NOTE | |
| Title | Si te interesa el texto, comunicate a koha@justierradelfuego.gov.ar |
| 650 #0 - SUBJECT ADDED ENTRY--TOPICAL TERM | |
| 9 (RLIN) | 967 |
| Topical term or geographic name as entry element | DERECHO DE FAMILIA |
| 650 #0 - SUBJECT ADDED ENTRY--TOPICAL TERM | |
| 9 (RLIN) | 614 |
| Topical term or geographic name as entry element | DERECHOS HUMANOS |
| 650 #0 - SUBJECT ADDED ENTRY--TOPICAL TERM | |
| 9 (RLIN) | 968 |
| Topical term or geographic name as entry element | ALIMENTOS |
| 650 #0 - SUBJECT ADDED ENTRY--TOPICAL TERM | |
| 9 (RLIN) | 4099 |
| Topical term or geographic name as entry element | CUOTA ALIMENTARIA |
| 773 0# - HOST ITEM ENTRY | |
| Host Biblionumber | 2844 |
| Host Itemnumber | 3222 |
| Place, publisher, and date of publication | Buenos Aires : AbeledoPerrot, 1989- |
| Title | Derecho de familia. N° 118 - Marzo 2025 |
| International Standard Book Number | 18511201 |
| 942 ## - ADDED ENTRY ELEMENTS (KOHA) | |
| Source of classification or shelving scheme | |
| Koha item type | Analítica Artículo de Revista |
No hay ítems disponibles.
